000 00435nam a22001691a 4500
020 _a9788120609181
082 _a491.425
_bGRA/P
100 _aGrahame Bailey T
245 _aPanjabi manual and grammar/
_cby Grahame Bailey T
260 _aNew Delhi:
_bAsian Educational Services,
_c1994.
300 _a419p.
650 _aGrammar Punjabi
650 _aLanguage Punjabi
650 _aLanguage
700 _aCummings T
942 _cBK
999 _c33373
_d33373